000 00745nam a22001697a 4500
003 OSt
005 20251124135217.0
008 251124b |||||||| |||| 00| 0 eng d
040 _cDCL
082 _a၂၉၄.၃၈၂၂၁
130 _aတိပိဋက။
_pဝိနယပိဋက။
_tပါရာဇိက၊
_lပါဠိတော်။
245 _aပါရာဇိကကဏ္ဍအဋ္ဌကထာ၊
_bပထမတွဲ ။
264 _aရန်ကုန် ၊
_bသာသနာရေးဦးစီး၊
_c၂၀၀၅။
300 _a၃၈၈ စာမျက်နှာ ၊
_c၂၆ စင်တီ။
650 _aပါရာဇိက
_vအဋ္ဌကထာ။
942 _2ddc
_cSHORT TERM
_n0
999 _c2599
_d2599